<?xml version="1.0" encoding="UTF-8"?>
<record
    xmlns:xsi="http://www.w3.org/2001/XMLSchema-instance"
    xsi:schemaLocation="http://www.loc.gov/MARC21/slim http://www.loc.gov/standards/marcxml/schema/MARC21slim.xsd"
    xmlns="http://www.loc.gov/MARC21/slim">

  <leader>01090nam a22002177a 4500</leader>
  <controlfield tag="005">20210414114113.0</controlfield>
  <controlfield tag="008">120808t        xxu||||| |||| 00| 0 eng d</controlfield>
  <datafield tag="020" ind1=" " ind2=" ">
    <subfield code="a">0789566494</subfield>
  </datafield>
  <datafield tag="050" ind1=" " ind2=" ">
    <subfield code="b">QA402.S47</subfield>
  </datafield>
  <datafield tag="100" ind1=" " ind2=" ">
    <subfield code="a">Shelly, Gary B.</subfield>
  </datafield>
  <datafield tag="245" ind1=" " ind2=" ">
    <subfield code="a">Systems analysis and design. /</subfield>
    <subfield code="c">Gary B Shelly, Thomas J Cashman and Harry J Rosenblatt</subfield>
  </datafield>
  <datafield tag="250" ind1=" " ind2=" ">
    <subfield code="a">5th ed.</subfield>
  </datafield>
  <datafield tag="260" ind1=" " ind2=" ">
    <subfield code="a">Australia:</subfield>
    <subfield code="b">Thomson,</subfield>
    <subfield code="c">2003.</subfield>
  </datafield>
  <datafield tag="300" ind1=" " ind2=" ">
    <subfield code="a">xvi, 640 p. : </subfield>
    <subfield code="b">ill. ;  </subfield>
    <subfield code="c">28 cm.  </subfield>
    <subfield code="e">1 CD-ROM (4 3/4 in.)</subfield>
  </datafield>
  <datafield tag="500" ind1=" " ind2=" ">
    <subfield code="a">includes index</subfield>
  </datafield>
  <datafield tag="505" ind1=" " ind2=" ">
    <subfield code="a">Contents: Introduction to systems analysis and design -- Analyzing the business case -- Requirements modeling -- Enterprise modeling -- Development strategies -- Data design -- User interface, input and output design -- System architecture -- Systems implementation -- Systems operation and support -- Communication tools -- Financial analysis tools -- Project management tools -- Object-oriented tools -- Internet resource tools.</subfield>
  </datafield>
  <datafield tag="650" ind1=" " ind2=" ">
    <subfield code="a">Systems analysis</subfield>
    <subfield code="x">Systems design</subfield>
  </datafield>
  <datafield tag="700" ind1=" " ind2=" ">
    <subfield code="a">Cashman, Thomas J.  </subfield>
  </datafield>
  <datafield tag="700" ind1=" " ind2=" ">
    <subfield code="a">Rosenblatt, Harry J. </subfield>
  </datafield>
  <datafield tag="942" ind1=" " ind2=" ">
    <subfield code="2">lcc</subfield>
    <subfield code="c">BK</subfield>
  </datafield>
  <datafield tag="999" ind1=" " ind2=" ">
    <subfield code="c">1953</subfield>
    <subfield code="d">9453</subfield>
  </datafield>
  <datafield tag="952" ind1=" " ind2=" ">
    <subfield code="0">0</subfield>
    <subfield code="1">0</subfield>
    <subfield code="2">lcc</subfield>
    <subfield code="4">0</subfield>
    <subfield code="7">0</subfield>
    <subfield code="a">WIUC-1</subfield>
    <subfield code="b">WIUC-1</subfield>
    <subfield code="c">GEN</subfield>
    <subfield code="d">2012-08-08</subfield>
    <subfield code="l">0</subfield>
    <subfield code="o">QA402.S47</subfield>
    <subfield code="p">4922/12</subfield>
    <subfield code="r">2012-08-08 00:00:00</subfield>
    <subfield code="t">1</subfield>
    <subfield code="w">2012-08-08</subfield>
    <subfield code="y">BK</subfield>
  </datafield>
  <datafield tag="952" ind1=" " ind2=" ">
    <subfield code="0">0</subfield>
    <subfield code="1">0</subfield>
    <subfield code="2">lcc</subfield>
    <subfield code="4">0</subfield>
    <subfield code="7">0</subfield>
    <subfield code="a">WIUC-1</subfield>
    <subfield code="b">WIUC-1</subfield>
    <subfield code="c">GEN</subfield>
    <subfield code="d">2012-08-08</subfield>
    <subfield code="l">0</subfield>
    <subfield code="o">QA402.S471</subfield>
    <subfield code="p">4923/12</subfield>
    <subfield code="r">2012-08-08 00:00:00</subfield>
    <subfield code="t">2</subfield>
    <subfield code="w">2012-08-08</subfield>
    <subfield code="y">BK</subfield>
  </datafield>
  <datafield tag="952" ind1=" " ind2=" ">
    <subfield code="0">0</subfield>
    <subfield code="1">0</subfield>
    <subfield code="2">lcc</subfield>
    <subfield code="4">0</subfield>
    <subfield code="7">0</subfield>
    <subfield code="a">WIUC-1</subfield>
    <subfield code="b">WIUC-1</subfield>
    <subfield code="c">GEN</subfield>
    <subfield code="d">2012-08-08</subfield>
    <subfield code="l">0</subfield>
    <subfield code="o">QA402.S472</subfield>
    <subfield code="p">4924/12</subfield>
    <subfield code="r">2012-08-08 00:00:00</subfield>
    <subfield code="t">3</subfield>
    <subfield code="w">2012-08-08</subfield>
    <subfield code="y">BK</subfield>
  </datafield>
  <datafield tag="952" ind1=" " ind2=" ">
    <subfield code="0">0</subfield>
    <subfield code="1">0</subfield>
    <subfield code="2">lcc</subfield>
    <subfield code="4">0</subfield>
    <subfield code="7">0</subfield>
    <subfield code="a">WIUC-1</subfield>
    <subfield code="b">WIUC-1</subfield>
    <subfield code="c">GEN</subfield>
    <subfield code="d">2012-08-08</subfield>
    <subfield code="l">0</subfield>
    <subfield code="o">QA402.S473</subfield>
    <subfield code="p">4925/12</subfield>
    <subfield code="r">2012-08-08 00:00:00</subfield>
    <subfield code="t">4</subfield>
    <subfield code="w">2012-08-08</subfield>
    <subfield code="y">BK</subfield>
  </datafield>
  <datafield tag="952" ind1=" " ind2=" ">
    <subfield code="0">0</subfield>
    <subfield code="1">0</subfield>
    <subfield code="2">lcc</subfield>
    <subfield code="4">0</subfield>
    <subfield code="7">0</subfield>
    <subfield code="a">WIUC-1</subfield>
    <subfield code="b">WIUC-1</subfield>
    <subfield code="c">GEN</subfield>
    <subfield code="d">2012-08-08</subfield>
    <subfield code="l">0</subfield>
    <subfield code="o">QA402.S474</subfield>
    <subfield code="p">4926/12</subfield>
    <subfield code="r">2012-08-08 00:00:00</subfield>
    <subfield code="t">5</subfield>
    <subfield code="w">2012-08-08</subfield>
    <subfield code="y">BK</subfield>
  </datafield>
  <datafield tag="952" ind1=" " ind2=" ">
    <subfield code="0">0</subfield>
    <subfield code="1">0</subfield>
    <subfield code="2">lcc</subfield>
    <subfield code="4">0</subfield>
    <subfield code="7">0</subfield>
    <subfield code="a">WIUC-1</subfield>
    <subfield code="b">WIUC-1</subfield>
    <subfield code="c">GEN</subfield>
    <subfield code="d">2012-08-08</subfield>
    <subfield code="l">0</subfield>
    <subfield code="o">QA402.S475</subfield>
    <subfield code="p">4927/12</subfield>
    <subfield code="r">2012-08-08 00:00:00</subfield>
    <subfield code="t">6</subfield>
    <subfield code="w">2012-08-08</subfield>
    <subfield code="y">BK</subfield>
  </datafield>
  <datafield tag="952" ind1=" " ind2=" ">
    <subfield code="0">0</subfield>
    <subfield code="1">0</subfield>
    <subfield code="2">lcc</subfield>
    <subfield code="4">0</subfield>
    <subfield code="7">0</subfield>
    <subfield code="a">WIUC-1</subfield>
    <subfield code="b">WIUC-1</subfield>
    <subfield code="c">GEN</subfield>
    <subfield code="d">2012-08-08</subfield>
    <subfield code="l">0</subfield>
    <subfield code="o">QA402.S476</subfield>
    <subfield code="p">4928/12</subfield>
    <subfield code="r">2012-08-08 00:00:00</subfield>
    <subfield code="t">7</subfield>
    <subfield code="w">2012-08-08</subfield>
    <subfield code="y">BK</subfield>
  </datafield>
  <datafield tag="952" ind1=" " ind2=" ">
    <subfield code="0">0</subfield>
    <subfield code="1">0</subfield>
    <subfield code="2">lcc</subfield>
    <subfield code="4">0</subfield>
    <subfield code="7">0</subfield>
    <subfield code="a">WIUC-1</subfield>
    <subfield code="b">WIUC-1</subfield>
    <subfield code="c">GEN</subfield>
    <subfield code="d">2012-08-08</subfield>
    <subfield code="l">0</subfield>
    <subfield code="o">QA402.S477</subfield>
    <subfield code="p">4929/12</subfield>
    <subfield code="r">2012-08-08 00:00:00</subfield>
    <subfield code="t">8</subfield>
    <subfield code="w">2012-08-08</subfield>
    <subfield code="y">BK</subfield>
  </datafield>
  <datafield tag="952" ind1=" " ind2=" ">
    <subfield code="0">0</subfield>
    <subfield code="1">0</subfield>
    <subfield code="2">lcc</subfield>
    <subfield code="4">0</subfield>
    <subfield code="7">0</subfield>
    <subfield code="a">WIUC-1</subfield>
    <subfield code="b">WIUC-1</subfield>
    <subfield code="c">GEN</subfield>
    <subfield code="d">2012-08-08</subfield>
    <subfield code="l">0</subfield>
    <subfield code="o">QA402.S478</subfield>
    <subfield code="p">4930/12</subfield>
    <subfield code="r">2012-08-08 00:00:00</subfield>
    <subfield code="t">9</subfield>
    <subfield code="w">2012-08-08</subfield>
    <subfield code="y">BK</subfield>
  </datafield>
  <datafield tag="952" ind1=" " ind2=" ">
    <subfield code="0">0</subfield>
    <subfield code="1">0</subfield>
    <subfield code="2">lcc</subfield>
    <subfield code="4">0</subfield>
    <subfield code="7">0</subfield>
    <subfield code="a">WIUC-1</subfield>
    <subfield code="b">WIUC-1</subfield>
    <subfield code="c">GEN</subfield>
    <subfield code="d">2012-08-27</subfield>
    <subfield code="l">0</subfield>
    <subfield code="o">QA402.S479</subfield>
    <subfield code="p">4956/12</subfield>
    <subfield code="r">2012-08-27 00:00:00</subfield>
    <subfield code="t">10</subfield>
    <subfield code="w">2012-08-27</subfield>
    <subfield code="y">BK</subfield>
  </datafield>
</record>
